Richmond upon Thames LBC v SoS for the Environment and Neale (Record no. 32473)
[ view plain ]
| 000 -LEADER | |
|---|---|
| fixed length control field | 01708cab a2200265 4500 |
| 001 - CONTROL NUMBER | |
| control field | ABS45333 |
| 008 - FIXED-LENGTH DATA ELEMENTS--GENERAL INFORMATION | |
| fixed length control field | 090401t1991 xxu||||| |||| 00| 0 eng d |
| 035 ## - SYSTEM CONTROL NUMBER | |
| System control number | (Sirsi) u52398 |
| 041 ## - LANGUAGE CODE | |
| Language code of text/sound track or separate title | eng |
| 245 ## - TITLE STATEMENT | |
| Title | Richmond upon Thames LBC v SoS for the Environment and Neale |
| 260 ## - PUBLICATION, DISTRIBUTION, ETC. | |
| Date of publication, distribution, etc. | 1991 |
| 350 ## - PRICE (NR) (BK AM CF MU VM SE) [OBSOLETE] | |
| Price | 0 |
| 490 ## - SERIES STATEMENT | |
| Series statement | Property and Compensation Reports |
| Volume/sequential designation | (1991) 62 P&CR 350-354(3) |
| 520 ## - SUMMARY, ETC. | |
| Summary, etc. | QBD 12 March 1991. The second respondent, N, was occupier of a mid-terrace house, extended to the rear, creating a flat roof on which had been erected a parapet wall a metre high. An enforcement notice was served in respect of the wall. On appeal against the notice the inspector found that the development comprised enlargement of the dwelling and alteration of its roof. It therefore fell to be assessed under the General Development Order 1988 Sched 2 Part 1 Class B. He held that there was no breach of planning control since erection of the wall fell within permitted development. The council appealed. To be an enlargement of a dwelling house there must be an increase in the volume of usable space within the dwelling rather than it being made to appear larger from the outside. Appeal dismissed on the grounds that the correct approach was to proceed on the external appearance of the house. Planning restrictions were to do with external appearances and not on internal practicalities or r |
| 650 ## - SUBJECT ADDED ENTRY--TOPICAL TERM | |
| Topical term or geographic name entry element | ENFORCEMENT NOTICES |
| 650 ## - SUBJECT ADDED ENTRY--TOPICAL TERM | |
| Topical term or geographic name entry element | EXTENSIONS |
| 650 ## - SUBJECT ADDED ENTRY--TOPICAL TERM | |
| Topical term or geographic name entry element | EXTERNAL APPEARANCES |
| 650 ## - SUBJECT ADDED ENTRY--TOPICAL TERM | |
| Topical term or geographic name entry element | GDO 1988 SCHED 2 CLASS B |
| 650 ## - SUBJECT ADDED ENTRY--TOPICAL TERM | |
| Topical term or geographic name entry element | PARAPET WALL |
| 650 ## - SUBJECT ADDED ENTRY--TOPICAL TERM | |
| Topical term or geographic name entry element | PLANNING CONTROL |
| 650 ## - SUBJECT ADDED ENTRY--TOPICAL TERM | |
| Topical term or geographic name entry element | ROOF |
| 690 ## - LOCAL SUBJECT ADDED ENTRY--TOPICAL TERM (OCLC, RLIN) | |
| Topical term or geographic name as entry element | PLANNING LAW AND PRACTICE-CASE LAW |
| 942 ## - ADDED ENTRY ELEMENTS (KOHA) | |
| Suppress in OPAC | 0 |
| 948 ## - LOCAL PROCESSING INFORMATION (OCLC); SERIES PART DESIGNATOR (RLIN) | |
| c (OCLC) | 04/03/1997 |
| Withdrawn status | Lost status | Source of classification or shelving scheme | Damaged status | Not for loan | Home library | Current library | Shelving location | Date acquired | Total Checkouts | Full call number | Barcode | Date last seen | Copy number | Price effective from | Koha item type |
|---|---|---|---|---|---|---|---|---|---|---|---|---|---|---|---|
| Dewey Decimal Classification | London | London | Journal article | 14/09/1999 | ABS45333 | 52398-1001 | 06/08/2019 | 1 | 06/08/2019 | Law report |